00558nam a22001697a 4500003001100000005001700011008004100028040003900069041000800108100002600116245004100142260006300183700003000246942000700276952009000283999001500373LK-CoMWRAF20240210000134.0240209b |||||||| |||| 00| 0 eng d aLK-CoMWRAFdLK-CoMWRAFeLK-CoMWRAF aeng aKhan, Mohammad Farooq aGender, social interaction and Islam aIslamabad :bOrganization for research and educationc2004 aSayyid, Sabur Alietrans. cBK 00104070aMAINbMAINd2024-02-10l0o297.1 KHApRAF4970r2024-02-10w2024-02-10yBK c4729d4729